00916cam a22002651i 4500001001300000003000400013005001700017008004100034010001700075035001900092040002100111042001200132050002200144100005600166245010200222260004300324300003200367490004800399500004600447500005700493504002000550650001100570810005200581999001700633gs 05000742 DLC20260227111301.0781108s1902 dcub 001 0 eng  ags 05000742  a(OCoLC)4355911 aDLCcICharEdDLC apremarc00aQE75b.B9 no. 2001 aCampbell, Marius R.q(Marius Robinson),d1858-1940.10aReconnaissance of the borax deposits of Death valley and Mohave desert, /cby Marius R. Campbell. aWashington,bGovt. Print. Off.,c1902. a23 p. :bcol. map ;c24 cm.1 aU.S. Geological survey. Bulletinvno. 200 aSubject series: A, Economic geology, 17. aIssued also as House doc. 698, 57th Cong., 1st sess. aIncludes index. 0aBorax.2 aGeological Survey (U.S.).tBulletin ;vno. 200. c24274d24274